000 01703nam a2200517 i 4500
001 44643
003 KOSZ 005
005 20240405063146.0
008 040316s2003 pl a |000 0 pol
015 _aUWD 2004/5762
020 _a8389073293
035 _a991022819819705066
035 _a(PL-WaBN)b16157618-48omnis_nlop
035 _ab16157618
035 _a(OCoLC)749430018
035 _azz2003943379
035 _a(PL)b0000001615761
035 _a(EXLNZ-48OMNIS_NETWORK)9910070045405606
040 _aWA N
_cWA N
_dKOSZ 005/HR
041 0 _apol
046 _k2003
080 _a711.1(438)"1989/..."
080 _a(075.8)
100 1 _aGaczek, Wanda Maria
_eAutor
245 1 0 _aZarządzanie w gospodarce przestrzennej /
_cWanda Maria Gaczek.
260 _aBydgoszcz ;
_aPoznań :
_b"Branta",
_c2003.
300 _a238 s. :
_brys., tab., wykr. ;
_c24 cm.
336 _aTekst
_btxt
_2rdacontent
337 _aBez urządzenia pośredniczącego
_bn
_2rdamedia
338 _aWolumin
_bnc
_2rdacarrier
380 _aKsiążki
388 _a2001-
504 _aBibliogr. przy rozdz.
648 _a1901-2000
648 _a1989-2000
648 _a2001-
650 7 _aPlanowanie przestrzenne
_2DBN
650 7 _aPolityka przestrzenna
_2DBN
655 7 _aPodręczniki akademickie
_2DBN
658 _aPolityka, politologia, administracja publiczna
658 _aArchitektura i budownictwo
710 2 _aAgencja Marketingowa, Oficyna Wydawnicza Branta
_4pbl
856 _uhttp://koha.tu.koszalin.pl/cgi-bin/koha/opac-detail.pl?biblionumber=44643
_yKatalog online BPK
942 _2UKD
_cKS
999 _c44643
_d44643